00577nam a2200205Ia 4500003000400000005001700004008004100021020001800062040000700080041000800087082001500095100002700110245001900137260002000156300000900176650002000185942001300205999001900218952013400237OSt20251105105130.0250729s2003 xx 000 0 und d a9781859963258 cAL aeng a574.2 JURA aJurd D Richard9223902 aAnimal biology aNew Delhic2003 a294p aBiology9223903 2ddccBED c236138d236138 00104070aALbALd2025-07-29eSchool Book Companyg165.00l0o574.2 JURApBED01457r2025-07-29 16:54:36v165.00w2025-07-29yBK